Blue Lock NEL Quiz - Statistics

General Stats
  • This quiz has been taken 532 times
  • The average score is 8 of 9
Answer Stats
Hint Answer Answer % Correct
Most Expensive Blue Lock Player Itoshi Rin Yoichi Isagi
94%
Highest Scoring Player Itoshi Rin
94%
NEL team based in France PXG
94%
NEL team based in Germany Bastard Munchen
93%
NEL team based in Italy Ubers
93%
NEL team based in Spain FC Barcha
92%
NEL team based in England Manshine City
91%
Ubers Master Snuffy
89%
Who Is the "Ace Eater" Don Lorenzo
88%
No matching quizzes found
Score Distribution
Percent of People with Each Score
Percentile by Number Answered
Your Score History
You have not taken this quiz